Statistics for FRIENDS ultimate trivia

Click here to take the quiz!

General Stats

  • This quiz has been taken 242 times
  • The average score is 15 of 28

Answer Stats

QuestionAnswer% Correct
How many categories of towels does Monica have?11
90%
Who is Joey's agent?Estelle Leonard
85%
What did Phoebe officially change her name to?Princess Consuela Banana Hammock
79%
What is the name of Chandler's father's burlesque show?Viva Las Gaygas
77%
Who does Ross dress up as to teach Ben about Hanukkah?Holiday Armadillo
76%
Which actor played Ross' son Ben?Cole Sprouse
73%
Who is Phoebe's alter-ego?Regina Phalange
73%
Who did Rachel convince to shave their head?Bonnie
72%
Who did Chandler get trapped in an ATM vestibule with?Jill Goodacre
72%
What is Joey's penguin friend called?Hugsy
70%
Who is Joey's alter-ego?Ken Adams
69%
Which 2 characters were originally meant to have a serious relationship?Joey and Monica
68%
Who did Julia Roberts play in Season 2 Episode 12?Susie Moss
68%
What does Rachel have a tattoo of?Heart
64%
Where is Rachel's tattoo?Hip
61%
Which famous actress played Rachel's friend Melissa, who was secretly in love with her?Winona Ryder
60%
What was the name of Ross' comic book?Science Boy
59%
What television broadcaster does Phoebe hate?PBS
55%
What is the Japanese lipstick brand that Joey advertised for?Ichiban
45%
What was the name of Joey's stalker?Erika
39%
Which character was pregnant during filming?Lisa Kudrow
35%
Which 2 characters were not originally meant to be in the series?Phoebe and Chandler
29%
After changing her name, what did Phoebe get her friends to call her?Valerie
27%
Who is Dr Drake Ramoray's evil twin?Hans Ramoray
25%
What is Chandler Bing's job?Statistical Analysis and Data Reconfiguration
20%
Where did Phoebe go to learn French when she was younger?Behind a dumpster
16%
Who did Matthew Perry's dad appeare as in Season 4?Joshua's dad
16%
What did Phoebe do on her 30th birthday?1 mile on a hippity-hop
2%

Score Distribution

Percentile by Number Answered

Percent of People with Each Score

Your Score History

You have not taken this quiz